00501nam a2200193 a 4500001001300000003000900013005001700022008004100039020001000080082001600090100001800106245001400124260005400138300000900192500003500201505003700236650001600273700001800289nice12345678IN_TiNIC20260116012444.0050524s1974 hyda grp 000 0 urd  ac10000a891.41bAAZ aAazar, Rashid aAab Deeda aHyderabad bMarkazi Anjuman Taleemus Salat c1974 a111p aincludes index and biblioraphy2 aGlossary, Bibliography and index aUrdu-Poetry1 aAazar, Rashid